[Event "El Ksiba op"]
[Site "El Ksiba"]
[Date "2018.05.03"]
[Round "9"]
[White "Lamrabet, Mohamed"]
[Black "Abdelail, Kouyach"]
[Result "0-1"]
[WhiteElo "2107"]
[BlackElo "1903"]
[PlyCount "33"]
[EventDate "2018.04.28"]
[EventType "swiss"]
[EventRounds "9"]
[EventCountry "MAR"]
[SourceTitle "CBM 184 Extra"]
[Source "ChessBase"]
[SourceDate "2018.06.28"]
[SourceVersion "1"]
[SourceVersionDate "2018.06.28"]
[SourceQuality "1"]

1. e4 e5 2. Nf3 Nc6 3. Bc4 Nf6 4. 0-0 Nxe4 5. Nc3 Nxc3 6. dxc3 a6 7. Qd5 Qe7 8. Nxe5 Nxe5 9. Bf4 f6 10. Bxe5 fxe5 11. Rfe1 d6 12. f4 c6 13. Qf3 Be6 14. fxe5 d5 15. Bd3 0-0-0 16. a4 a5 17. b4 0-1